000 01429nam a2200361 i 4500
001 000038902
003 DO-SdBNP
005 20260521103414.0
007 ta
008 130502s2012 dr 000 0 spa d
020 _a9789945462302
040 _aDO-SdBNP
_bspa
_cBNPHU
_erda
041 _aspa
082 4 _a972.93053
_bR382r 2012
_222
245 0 0 _aRelatos de la resistencia /
_cprólogo, Guillermina M. de Puigsubirá ; edición, Martha Jiménez.
250 _asegunda edición
264 1 _aSanto Domingo :
_bComisión Permanente de Efemérides Patrias,
_c2012.
300 _a313 páginas :
_bilustraciones, retratos ;
_c23 cm.
336 _atexto
_btxt
_2rdacontent
337 _asin mediación
_bn
_2rdamedia
338 _avolumen
_bnc
_2rdacarrier
490 0 _aColección 50 Aniversario del ajusticiamiento de Trujillo 1961-2011
_v3
500 _aIncluye índice onomástico
590 _aInventariado, 2024 / DG
600 1 4 _aTrujillo Molina, Rafael Leónidas,
_d 1891-1961
_976764
650 4 _aHomicidio político
_zRepública Dominicana
_xHistoria
_962896
650 4 _aResistencia civil
_zRepública Dominicana
_xHistoria
_ySiglo XX
_965169
651 4 _aRepública Dominicana
_xPolítica y gobierno
_y1930-1961
_9479
700 1 _aPuigsubirá, Guillermina M. de,
_eprologuista
_4pr.
_965170
700 1 _aJiménez, Martha,
_eeditor
_4ed.
_965171
910 _aValidado. Control de calidad MFF
942 _2ddc
_cLBS1
999 _c38392
_d38392